My experiences in astrology / (Record no. 179306)

MARC details
000 -LEADER
fixed length control field 00654nam a22002057a 4500
005 - DATE AND TIME OF LATEST TRANSACTION
control field 20210604161548.0
010 ## - LCCN (DPL NO)
LC control number B-739991
020 ## - INTERNATIONAL STANDARD BOOK NUMBER
International Standard Book Number 9788185273730
Terms of availability 150.00
035 ## - SYSTEM CONTROL NUMBER
System control number B-739991
037 ## - SOURCE OF ACQUISITION
Source of stock number/acquisition Gift
082 ## - DEWEY DECIMAL CLASSIFICATION NUMBER
Classification number 133.5
100 ## - MAIN ENTRY--PERSONAL NAME
Personal name Raman, B.V.
245 ## - TITLE STATEMENT
Title My experiences in astrology /
Statement of responsibility, etc by B.V. Raman
260 ## - PUBLICATION, DISTRIBUTION, ETC. (IMPRINT)
Place of publication, distribution, etc New Delhi
Name of publisher, distributor, etc UBS Publishers's Distributors
Date of publication, distribution, etc 2013
270 ## - ADDRESS
Address 5 Ansari Road, Daryaganj
City New Delhi
Postal code 110002
300 ## - PHYSICAL DESCRIPTION
Extent vi, 327p.
Dimensions 18cm(pbk)
490 ## - SERIES STATEMENT
Series statement BVR Astrology Series
942 ## - ADDED ENTRY ELEMENTS (KOHA)
Source of classification or shelving scheme Dewey Decimal Classification
Item type English Books
Call number suffix RAM
Classification part 133.5
Holdings
Withdrawn status Lost status Not for loan Collection code Home library Current library Date acquired Source of acquisition Cost, normal purchase price Full call number Barcode Copy number Cost, replacement price Koha item type Public note
      Non-fiction Ashok Vihar Ashok Vihar 04/06/2021 Gift/Eng/03-05-2021 150.00 133.5 RAM B-739991 1 150.00 English Books GIft

© Delhi Public Library
Hit Counter
free hit counter